| 000 | 00877nam a22002297a 4500 | ||
|---|---|---|---|
| 999 |
_c161018 _d161018 |
||
| 005 | 20190905144808.0 | ||
| 010 | _a1819CHEN B-718104-124 | ||
| 020 |
_a9789353049393 _c295.00 |
||
| 035 | _aB-718104-124 | ||
| 035 | _aB-728583 | ||
| 037 | _bPansy Books | ||
| 082 | _a658.409 | ||
| 100 | _aPilllai, Radhakrishnan | ||
| 245 |
_aChanakya in the classroom: life lessons for students / _cby Radhakrishnan Pilllai |
||
| 260 |
_bRupa Publications _c2019 _aNew Delhi |
||
| 270 |
_a7/16, Ansari Road, Daryaganj _bNew Delhi _e110002 |
||
| 300 |
_axxii,148p. _c20cm(pbk) |
||
| 500 | _aAirport | ||
| 942 |
_cCH _2ddc _mPIL _h658.409 |
||